NCIS Spinoff TV Series - Statistics

General Stats
  • This quiz has been taken 84 times
  • The average score is 5 of 7
Answer Stats
Answer % Correct
NCIS : Los Angeles
98%
NCIS : New Orleans
93%
NCIS : Hawaii
89%
NCIS : Sydney
74%
NCIS : Origins
72%
NCIS : Tony and Ziva
52%
Abandoned SeriesNCIS : Red
11%
No matching quizzes found
Score Distribution
Percent of People with Each Score
Percentile by Number Answered
Your Score History
You have not taken this quiz